000 02603cam a2200301 4500500
005 20260329022940.0
041 _afre
042 _adc
100 1 0 _aEl Kadib, Ahmed
_eauthor
700 1 0 _aHakim, Mariem
_eauthor
245 0 0 _aCommuniquer en période de crise : Centrale Danone à l’épreuve de la campagne de boycott sur Facebook en 2018
260 _c2026.
500 _a2
520 _aCette recherche interroge les transformations de la communication de crise dans un environnement médiatique hybride, à partir du cas du boycott citoyen visant Centrale Danone au Maroc en 2018. En mobilisant une approche qualitative et inductive, combinant netnographie des publications Facebook de l’entreprise et entretiens semi-directifs, l’étude analyse les circulations entre sphères numériques et espaces sociaux hors ligne. Elle met en lumière l’émergence de dynamiques protestataires décentralisées, émotionnelles et virales, qui défient les cadres traditionnels de gestion de crise. Les résultats montrent l’incapacité de l’entreprise à construire un récit crédible face à une mobilisation connectée, affective et horizontalisée, révélant une crise de légitimité communicationnelle dans un espace public en recomposition.
520 _a‪This study examines the transformation of crisis communication within a hybrid media environment, focusing on the 2018 citizen-led boycott of Centrale Danone in Morocco. Using a qualitative and inductive approach, combining a netnographic analysis of the company’s Facebook activity and semi-structured interviews, the research explores how protest dynamics circulate between online platforms and offline social spaces. It highlights the emergence of decentralized, emotional, and viral mobilizations that challenge traditional crisis management frameworks. Findings reveal the company’s inability to build a credible narrative in the face of a connected, affect-driven, and horizontally structured movement, exposing a legitimacy crisis in a reconfigured public communication sphere.‪
690 _aboycott
690 _acommunication de crise
690 _aMaroc
690 _amobilisation
690 _aréseaux sociaux numériques
690 _aboycott
690 _acrisis communication
690 _adigital social networks
690 _amobilization
690 _aMorocco
786 0 _nCommunication & Organisation | - | 2 | 2026-03-18 | p. 25-43 | 1168-5549
856 4 1 _uhttps://shs.cairn.info/revue-communication-et-organisation-2025-2-page-25?lang=fr&redirect-ssocas=7080
999 _c1923711
_d1923711